Louisiana Geography Quiz - Sudden Death - Statistics

General Stats
  • This quiz has been taken 333 times
  • The average score is 10 of 20
Answers on the Grid
Answers color-coded by a green-red scale on the quiz's grid according to % correct below.
Acadia National Park
Appalachian Mountains
Atchafalaya River
Atlantic Ocean
Baton Rouge
Bayou Teche
Beaumont
Biloxi
Biscayne National Park
Bourbon Street
Channel Islands National Park
Chattahoochee River
Dry Tortugas National Park
French Quarter
Grand Isle
Great Dismal Swamp
Gulf of California
Gulf of Mexico
Houma
Houston
Lafayette
Lake Charles
Lake Okeechobee
Lake Pontchartrain
Mississippi River
Mobile Bay
New Orleans
Okefenokee Swamp
Outer Banks
Ozark Mountains
Pascagoula
Pensacola
Preservation Hall
Red River
Sabine Lake
Shreveport
St. Louis Cathedral
Superdome
Tallahassee
Tampa Bay
 
Answer Stats
Answer % Correct
Baton Rouge
88%
Bourbon Street
71%
Bayou Teche
66%
French Quarter
65%
New Orleans
61%
Gulf of Mexico
60%
Lafayette
60%
Mississippi River
56%
Atchafalaya River
53%
Lake Charles
53%
Shreveport
52%
Superdome
51%
Lake Pontchartrain
49%
Houma
43%
Grand Isle
34%
St. Louis Cathedral
32%
Red River
29%
Sabine Lake
25%
Atlantic Ocean
22%
Preservation Hall
20%
No matching quizzes found
Score Distribution
Percent of People with Each Score
Percentile by Number Answered
Your Score History
You have not taken this quiz